তিন শূন্যের পৃথিবী / (Record no. 85299)
[ view plain ]
| 000 -LEADER | |
|---|---|
| fixed length control field | 01183nam a2200277 a 4500 |
| 001 - CONTROL NUMBER | |
| control field | 85299 |
| 003 - CONTROL NUMBER IDENTIFIER | |
| rucl marc code | BD-RjUL |
| 005 - DATE AND TIME OF LATEST TRANSACTION | |
| control field | 20250723154524.0 |
| 008 - FIXED-LENGTH DATA ELEMENTS--GENERAL INFORMATION | |
| fixed length control field | 250723s2025 bg ||||| |||| 00| 0 ben d |
| 020 ## - INTERNATIONAL STANDARD BOOK NUMBER | |
| International Standard Book Number | 9789843572134 : |
| Terms of availability | 750.00 |
| 035 ## - SYSTEM CONTROL NUMBER | |
| System control number | (BD-RjUL)85299 |
| 040 ## - CATALOGING SOURCE | |
| Original cataloging agency | BD-RjUL |
| Language of cataloging | eng |
| Transcribing agency | BD-RjUL |
| 041 ## - LANGUAGE CODE | |
| Language code of text/sound track or separate title | ben |
| 082 ## - DEWEY DECIMAL CLASSIFICATION NUMBER | |
| Edition number | 23 |
| Classification number | 330 |
| Author mark and year | YUT 2025 |
| 100 ## - MAIN ENTRY--PERSONAL NAME | |
| Personal name | ইউনুস, মুহাম্মদ |
| 9 (RLIN) | 16229 |
| 245 ## - TITLE STATEMENT | |
| Title | তিন শূন্যের পৃথিবী / |
| Statement of responsibility, etc. | মুহাম্মদ ইউনুস, কার্ল ওয়েবার ; অনুবাদ ইরফান শেখ, তাহসীন কাইয়ুম, ও রাকিব হোসেন মৃদুল |
| 260 ## - PUBLICATION, DISTRIBUTION, ETC. (IMPRINT) | |
| Place of publication, distribution, etc. | ঢাকা : |
| Name of publisher, distributor, etc. | ইউনূস সেন্টার, |
| Date of publication, distribution, etc. | ২০২৫ |
| 300 ## - PHYSICAL DESCRIPTION | |
| Pagination | ২২৪ পৃ.; |
| Size | ২৪ সেমি. |
| 650 ## - SUBJECT ADDED ENTRY--TOPICAL TERM | |
| Topical term or geographic name as entry element | অর্থনীতি |
| Topical term or geographic name as entry element | Economics |
| 700 ## - ADDED ENTRY--PERSONAL NAME | |
| Personal name | ওয়েবার, কার্ল |
| Personal name | শেখ, ইরফান |
| Personal name | কাইয়ুম, তাহসীন |
| Personal name | মৃদুল, রাকিব হোসেন |
| 942 ## - ADDED ENTRY ELEMENTS (KOHA) | |
| Source of classification or shelving scheme | Dewey Decimal Classification |
| Koha item type | Books |
| Lost status | Source of classification or shelving scheme | Damaged status | Not for loan | Collection code | Permanent Location | Current Location | Shelving location | Date acquired | Source of acquisition | Cost, normal purchase price | Total Checkouts | Full call number | Date last seen | Copy number | Koha item type | Date checked out |
|---|---|---|---|---|---|---|---|---|---|---|---|---|---|---|---|---|
| Dewey Decimal Classification | Not For Loan | Non-fiction | Central Library, University of Rajshahi | Central Library, University of Rajshahi | Reading Room | 21/07/2025 | Biddasagar, Rajshahi | 563.00 | B 330 YUT 2025 | 23/07/2025 | C-1 | Books | ||||
| Dewey Decimal Classification | Non-fiction | Central Library, University of Rajshahi | Central Library, University of Rajshahi | General Stacks | 21/07/2025 | Biddasagar, Rajshahi | 563.00 | 1 | B 330 YUT 2025 | 25/09/2025 | C-2 | Books | 15/09/2025 |